Análisis y control financiero (Registro nro. 2883)

Detalles MARC
000 -LEADER
fixed length control field 00931 a2200277 4500
001 - CONTROL NUMBER
control field 38423
005 - DATE AND TIME OF LATEST TRANSACTION
control field 20260407155647.0
008 - FIXED-LENGTH DATA ELEMENTS--GENERAL INFORMATION
fixed length control field 260407a1983 arg spa d
003 - CONTROL NUMBER IDENTIFIER
control field AR-UNSa-BCEJYS
040 ## - CATALOGING SOURCE
Original cataloging agency AR-UNSa-BCEJYS
Language of cataloging spa
Transcribing agency AR-UNSa-BCEJYS
080 ## - UNIVERSAL DECIMAL CLASSIFICATION NUMBER
Universal Decimal Classification number 657.31
Common auxiliary subdivision Presupuestos. Previsiones. Planes financieros. Estado de flujo de efectivo
020 ## - INTERNATIONAL STANDARD BOOK NUMBER
International Standard Book Number 950-9109-22-3
041 ## - LANGUAGE CODE
Language code of text/sound track or separate title spa
100 1# - MAIN ENTRY--PERSONAL NAME
Personal name Rosenzvaig, Alfredo
245 10 - TITLE STATEMENT
Title Análisis y control financiero
264 #1 - PRODUCTION, PUBLICATION, DISTRIBUTION, MANUFACTURE, AND COPYRIGHT NOTICE
Place of production, publication, distribution, manufacture Buenos Aires :
Name of producer, publisher, distributor, manufacturer Tesis
Date of production, publication, distribution, manufacture, or copyright notice 1983
300 ## - PHYSICAL DESCRIPTION
Extent 204 p.
Dimensions 22 cm.
505 ## - FORMATTED CONTENTS NOTE
Formatted contents note 1. Costos para el análisis financiero - 2. Análisis a través de indices - 3. Estado de origen y aplicación de fondos -
590 ## - LOCAL NOTE (RLIN)
Local note niveau_biblio:m niveau_hierar:0
700 1# - ADDED ENTRY--PERSONAL NAME
Personal name Rebollo, Joaquín M.
700 1# - ADDED ENTRY--PERSONAL NAME
Personal name Cousido, Pablo Guillermo
700 1# - ADDED ENTRY--PERSONAL NAME
Personal name Passaro, Daniel A.
700 1# - ADDED ENTRY--PERSONAL NAME
Personal name Schvimer, Daniel
700 1# - ADDED ENTRY--PERSONAL NAME
Personal name López Bayona, Marcelo
942 ## - ADDED ENTRY ELEMENTS (KOHA)
Koha item type
Existencias
Withdrawn status Lost status Damaged status Not for loan Home library Current library Shelving location Date acquired Total checkouts Full call number Barcode Date last seen Price effective from Koha item type
        Biblioteca Prof. Eusebio Cleto del Rey Biblioteca Prof. Eusebio Cleto del Rey   07/04/2026   657.31 R813 L39977 07/04/2026 07/04/2026 Libro
        Biblioteca Prof. Eusebio Cleto del Rey Biblioteca Prof. Eusebio Cleto del Rey   07/04/2026   657.31 R813 L125675 07/04/2026 07/04/2026 Libro